000 00614nam a2200241Ia 4500
005 20250425160644.0
008 250425s9999 xx 000 0 und d
020 _a9681809734
041 _aspa
082 _a537
100 _aMILEAF, HARRY
245 0 _aELECTRONICA
250 _a1A ED.
260 _aMEXICO
260 _aMéxico
_bLIMUSA
_c1985
300 _a950
500 _aD-16379c.2 S/.1000 Ing. Proaño Bibl. 96.05.23 (Serie 1-7).Consultar 39205 en Bib.Tec.
650 _aCORRIENTES ELECTRICAS
650 _aELECTRICIDAD
650 _aFISICA EXPERIMENTAL
942 _c01
010 _a1435
999 _c193514
_d193514